Zabezpečenie kvality modelov v kontexte s IT Governance

Špecifikácia pravidiel modelovania podnikových procesov pre riadenie pracovného toku v súlade s koncepciou IT Governance a rámcom usmernení pre modelovanie.

Guardado en:
Detalles Bibliográficos
Autor principal: Filanová, Jana, 1967-
Formato: Capítulo de libro
Lenguaje:eslovaco
Materias:
Etiquetas: Agregar Etiqueta
Sin Etiquetas, Sea el primero en etiquetar este registro!

MARC

LEADER 00000naa$a2200000$$$4500
001 0260168
005 20240502074120.9
041 0 |a slo 
044 |a SK 
245 1 0 |a Zabezpečenie kvality modelov v kontexte s IT Governance  |c Jana Filanová 
520 |a Špecifikácia pravidiel modelovania podnikových procesov pre riadenie pracovného toku v súlade s koncepciou IT Governance a rámcom usmernení pre modelovanie. 
610 2 0 |a kvalita 
610 2 0 |a modely 
610 2 0 |a technológie informačné 
610 2 0 |a technológie komunikačné 
610 2 0 |a správa podniku 
100 1 |a Filanová, Jana, 1967-